• 首页
  • 本馆介绍
  • 公告通知
  • 最新文献
  • 馆藏检索
  • 电子资源
  • 读者导购
  • 参考咨询
  • 我的图书馆
  • 登录
  • 详细信息显示
  • 放入我的书架
  • 预约/预借图书
  • 作者相关作品
  • 分类相关作品
  • 丛书相关作品
  • 出版社相关作品

书目信息

  • 表格格式
  • 工作单格式
  • 卡片格式
题名:
从毕业到立业要懂点博弈论
    
 
作者: 段洁 著
分册:  
出版信息: 北京   北京航空航天大学出版社  2011.6
页数: 206页
开本: 24cm
丛书名:
单 册:
中图分类: O225-49
科图分类:
主题词: 博弈论--普及读物 , 博弈论
电子资源:
ISBN: 978-7-5124-0389-5
000 00928nam0 2200253 45
001 1360569077
005 20130530170654.18
010    @a978-7-5124-0389-5@dCNY28.00
100    @a20130513d2011 em y0chiy50 ea
101 0  @achi
102    @aCN@b110000
105    @ay z 000yy
106    @ar
200 1  @a从毕业到立业要懂点博弈论@ACong Bi Ye Dao Li Ye Yao Dong Dian Bo Yi Lun@f段洁著@FDuan Jie Zhu
210    @a北京@c北京航空航天大学出版社@d2011.6
215    @a206页@d24cm
300    @a从毕业到立业系列
330    @a本书以生动有趣的文笔,将博弈知识和故事巧妙结合,着力点透各种博弈法则的表象与内里、正面与反面、大智与小策、大得与小失的复杂关系,让读者朋友在遍及古今的故事长廊里,感受博弈的精巧和运筹帷幄的快感,体悟生存的方略和智慧。
606 0  @a博弈论@j普及读物
606 0  @a博弈论
690    @aO225-49@v5
701  0 @a段洁@ADuan Jie@4著
801    @aCN@bTANGWEI@c20130523
905    @b0835598-600@dO225-49@e152@f3
    
    从毕业到立业要懂点博弈论/段洁著.-北京:北京航空航天大学出版社,2011.6
    206页;24cm
    从毕业到立业系列
    
    ISBN 978-7-5124-0389-5:CNY28.00
    本书以生动有趣的文笔,将博弈知识和故事巧妙结合,着力点透各种博弈法则的表象与内里、正面与反面、大智与小策、大得与小失的复杂关系,让读者朋友在遍及古今的故事长廊里,感受博弈的精巧和运筹帷幄的快感,体悟生存的方略和智慧。
●
相关链接 在E读中查询图书 在五车中查询图书 在当当中查询图书 在豆瓣中查询图书


正题名:从毕业到立业要懂点博弈论     索取号:O225-49/152         预约/预借

序号 登录号 条形码 馆藏地/架位号 状态 备注
1 0835598   208355983   第二样本阅览室/ [索取号:O225-49/152] 在馆    
2 0835599   208355992   第三借阅区/ [索取号:O225-49/152] 在馆    
3 0835600   208356009   数信系资料室/ [索取号:O225-49/152] 在馆    
唐山师范学院图书馆 欢迎您!
大连网信软件有限公司© 版权所有